|
|
|
|
| LEADER |
00000nam a2200000 a 4500 |
| 001 |
vtls009168004 |
| 003 |
SK-MaSNL |
| 005 |
20260301210547.0 |
| 008 |
240318|2007 xo a g d 000 0 slo |
| 020 |
|
|
|a 9788090097285
|q (viaz.)
|
| 040 |
|
|
|a SNK
|b slo
|c SNK
|e AACR2
|
| 041 |
1 |
|
|a slo
|
| 044 |
|
|
|a xo
|c SK
|
| 072 |
|
7 |
|a 629
|x Dopravné prostriedky
|2 konspekt
|
| 080 |
|
|
|a 629.3
|2 2001
|
| 080 |
|
|
|a 629.331
|2 2001
|
| 080 |
|
|
|a (038.072)
|2 2001
|
| 100 |
1 |
|
|a Hilvert, Juraj,
|d 1937-2024
|4 aut
|9 11175
|
| 245 |
1 |
0 |
|a Výkladový slovník automobilizmu
|c Juraj Hilvert
|
| 250 |
|
|
|a [1. vyd.]
|
| 260 |
|
|
|a Bratislava
|b DLX SLOVAKIA
|c 2007
|
| 300 |
|
|
|a 454 s.
|b ilustr., schémy
|c 25 cm
|
| 500 |
|
|
|a Podnázov z obalu: Váš sprievodca automobilom
|
| 504 |
|
|
|a Bibliogr. s. 453-454
|
| 650 |
0 |
7 |
|a automobilizmus
|2 SNKPH
|9 13242
|
| 650 |
0 |
7 |
|a automobily
|2 SNKPH
|9 18879
|
| 650 |
0 |
7 |
|a Motorism
|2 SVKBBPHeng
|9 329757
|
| 650 |
0 |
7 |
|a Automobiles
|2 SNKPHeng
|9 265520
|
| 655 |
|
7 |
|a výkladové slovníky
|2 SNKPH
|9 69007
|
| 655 |
|
7 |
|a Explanatory dictionaries
|2 SNKPHeng
|9 278822
|
| 852 |
|
|
|a Štátna vedecká knižnica v Banskej Bystrici
|
| 919 |
|
|
|a 978-80-900972-8-5
|
| 999 |
|
|
|c 914031
|d 915961
|
| 952 |
|
|
|t snkHIL 629.113(031)
|a SNKUST
|b SNKUST
|y PREZ
|7 0
|p 17A0570030
|o snkSC 130515 D2
|i snk2008/1631
|8 3
|g 19.75
|0 0
|1 0
|4 0
|d 2008-01-22
|l 0
|r 2025-04-29 00:00:00
|w 2026-02-24
|